[Event "5th Highlands Open A"]
[Site "Zdar nad Sazavou CZE"]
[Date "2008.09.27"]
[Round "8"]
[White "Talla,V"]
[Black "Vokac,M"]
[Result "1-0"]
[WhiteElo "2407"]
[BlackElo "2451"]

1.d4 Nf6 2.c4 c6 3.Nc3 d5 4.Nf3 e6 5.e3 Nbd7 6.Bd3 dxc4 7.Bxc4 b5 8.Bd3 Bb7
9.O-O b4 10.Ne4 Nxe4 11.Bxe4 Qb6 12.b3 Be7 13.Bb2 O-O 14.Rc1 Rac8 15.Nd2 f5
16.Bf3 Rfd8 17.e4 Bg5 18.Nc4 Qc7 19.Rc2 fxe4 20.Bxe4 Nf6 21.Bf3 c5 22.Bxb7 Qxb7
23.Qe2 Qe4 24.dxc5 Qxe2 25.Rxe2 Rc6 26.f4 Bh6 27.g3 Nd5 28.Rfe1 Nc7 29.Be5 Rxc5
30.Bxc7 Rxc7 31.Rxe6 g6 32.Re8+ Rxe8 33.Rxe8+ Bf8 34.Kf2 Kg7 35.Kf3 Bc5 36.Rd8 Be7
37.Rd5 Kf7 38.g4 Ke6 39.Ke4 Kf6 40.h3 Rc6 41.Ra5 Rc7 42.Ra6+ Kg7 43.Ne5 Rb7
44.f5 gxf5+ 45.gxf5 Bc5 46.f6+ Kh6 47.Rc6 Rb5 48.f7+ Kg7 49.Rxc5 Rxc5 50.f8=Q+  1-0

[Event "Zvenigorodskaya Open A"]
[Site "Zvenigorod RUS"]
[Date "2008.09.27"]
[Round "4"]
[White "Khismatullin,D"]
[Black "Deviatkin,A"]
[Result "1-0"]
[WhiteElo "2613"]
[BlackElo "2567"]

1.d4 d5 2.c4 c6 3.Nc3 Nf6 4.e3 e6 5.Nf3 Nbd7 6.Bd3 dxc4 7.Bxc4 b5 8.Bd3 Bd6
9.O-O O-O 10.a3 a5 11.e4 e5 12.Ne2 Re8 13.Re1 Qc7 14.Bg5 h6 15.Bh4 Nh5 16.Rc1 Qb6
17.Bb1 exd4 18.Nexd4 Bc5 19.e5 Nf8 20.Nb3 Be7 21.Bxe7 Rxe7 22.Nfd4 g6 23.Rxc6 Qd8
24.Rd6 Qe8 25.Nc6 Rd7 26.Nbxa5 Ra6 27.b4 Bb7 28.Rxd7 Nxd7 29.e6 Bxc6 30.Nxc6 Nf8
31.e7 Rxc6 32.exf8=R+ Qxf8 33.Bd3 Rd6 34.Qf3 Qb8 35.g3 Rf6 36.Qe2 Qa7 37.Qb2 Qd7
38.Bf1 Rd6 39.Qe5 Rb6 40.Qe8+ Qxe8 41.Rxe8+ Kg7 42.Ra8 Nf6 43.Ra5 Ne4 44.Rxb5 Rd6
45.Re5 f5 46.f3 Nd2 47.Re3 Rc6 48.Rd3 Rc2 49.b5 Rb2 50.a4 g5 51.a5 Nxf1 52.Kxf1 Rxb5
53.Ra3 Rb7 54.a6 Ra7 55.Ke2 Kg6 56.Ke3 Kh5 57.Kd4 g4 58.fxg4+ Kxg4 59.Kc5 Kh3
60.Kb6 Ra8 61.Ra2 h5 62.a7 Rg8 63.a8=Q Rxa8 64.Rxa8 Kxh2 65.Rg8  1-0

[Event "Zvenigorodskaya Open A"]
[Site "Zvenigorod RUS"]
[Date "2008.09.27"]
[Round "5"]
[White "Tihonov,J"]
[Black "Hovhannisyan,R"]
[Result "1/2-1/2"]
[WhiteElo "2470"]
[BlackElo "2379"]

1.d4 d5 2.c4 c6 3.Nf3 Nf6 4.Nc3 e6 5.e3 Nbd7 6.Qc2 Bd6 7.g4 Nxg4 8.Rg1 Qf6
9.Rxg4 Qxf3 10.Rxg7 Nf6 11.Rg1 Bxh2 12.Be2 Qf5 13.Bd3 Qf3 14.Be2 Qf5 15.Bd3 Qf3
16.Be2  1/2-1/2

[Event "Zvenigorodskaya Open A"]
[Site "Zvenigorod RUS"]
[Date "2008.09.27"]
[Round "5"]
[White "Kotsur,P"]
[Black "Sergienko,S"]
[Result "1-0"]
[WhiteElo "2566"]
[BlackElo "2432"]

1.Nf3 d5 2.c4 c6 3.e3 Nf6 4.Nc3 e6 5.d4 Nbd7 6.Qc2 Bd6 7.g4 dxc4 8.Bxc4 e5
9.g5 Nd5 10.Ne4 Bb4+ 11.Bd2 Bxd2+ 12.Qxd2 Qe7 13.Rg1 N7b6 14.Bb3 exd4 15.Qxd4 Bf5
16.Ng3 Be6 17.O-O-O O-O-O 18.Kb1 h6 19.h4 hxg5 20.Nxg5 g6 21.Nxe6 fxe6 22.Qg4 Rxh4
23.Qxg6 Rf8 24.Ne4 a5 25.Rd4 Kb8 26.Nc5 Rxd4 27.exd4 Ka7 28.Qe4 Qf6 29.Qe1 Qxf2
30.Qxa5+ Kb8 31.Rd1 Qe2 32.Qe1 Rf2 33.Qxe2 Rxe2 34.Rh1 Na8 35.Rh8+ Kc7 36.Bxd5 cxd5
37.Rh7+ Kb6 38.Rxb7+ Kc6 39.b4 Nc7 40.a4 e5 41.b5+ Kd6 42.b6  1-0

[Event "17th CRO-chT 1a"]
[Site "Sibenik CRO"]
[Date "2008.09.28"]
[Round "2"]
[White "Rukavina,J"]
[Black "Segovic,G"]
[Result "1/2-1/2"]
[WhiteElo "2414"]
[BlackElo "2177"]

1.c4 c6 2.Nf3 d5 3.e3 Nf6 4.Nc3 e6 5.d4 Nbd7 6.Qc2 Bd6 7.b3 O-O 8.Be2 dxc4
9.bxc4 e5 10.a4 Re8 11.Ba3 Bxa3 12.Rxa3 exd4 13.exd4 Nf8 14.O-O Ne6 15.Rd1 Nf4
16.h3 Qe7 17.Ra2 Nxe2+ 18.Nxe2 Qe4 19.Qb3 b6 20.d5 cxd5 21.cxd5 Bb7 22.Nc3 Qf4
23.Rd4 Re1+ 24.Nxe1 Qxd4 25.Nc2 Qe5 26.Ne3 Rc8 27.Rc2 Rc5 28.g3 h6 29.Kh2 g6
30.a5 Nxd5 31.Ncxd5 Rxc2 32.Qxc2 Bxd5 33.axb6 axb6 34.Qc8+ Kg7 35.Qd8 Bb7
36.Qxb6 Qe4 37.Qb2+ Kh7 38.Qc1 Qf3 39.Qf1 Bc6 40.Ng4 Bd5 41.Ne3 Bc6  1/2-1/2

[Event "Zvenigorodskaya Open A"]
[Site "Zvenigorod RUS"]
[Date "2008.09.28"]
[Round "6"]
[White "Romanko,M"]
[Black "Deviatkin,A"]
[Result "0-1"]
[WhiteElo "2374"]
[BlackElo "2567"]

1.d4 d5 2.c4 c6 3.Nc3 Nf6 4.e3 e6 5.Nf3 Nbd7 6.Qc2 Bd6 7.g4 h6 8.Bd2 b5 9.cxd5 exd5
10.h3 Bb7 11.Bd3 Qe7 12.Nh4 g6 13.Ng2 Rc8 14.Rc1 O-O 15.O-O b4 16.Na4 Ne4
17.f3 c5 18.fxe4 cxd4 19.Qb1 dxe4 20.exd4 exd3 21.Qxd3 Rxc1 22.Rxc1 Qe6 23.Bxh6 Qd5
24.Qd2 Re8 25.Qf2 Kh7 26.Nc5 Bxc5 27.dxc5 Kxh6 28.c6 Bxc6  0-1

[Event "Zvenigorodskaya Open A"]
[Site "Zvenigorod RUS"]
[Date "2008.09.28"]
[Round "6"]
[White "Malakhatko,V"]
[Black "Kharlov,A"]
[Result "1/2-1/2"]
[WhiteElo "2612"]
[BlackElo "2501"]

1.c4 e6 2.d4 Nf6 3.Nf3 d5 4.Nc3 c6 5.e3 a6 6.b3 Bb4 7.Bd2 Nbd7 8.Bd3 O-O
9.O-O Bd6 10.e4 dxc4 11.bxc4 e5 12.c5 Bc7 13.Na4 exd4 14.h3 Re8 15.Re1 h6
16.Qc1 Nf8 17.Rb1 Ng6 18.Nb6 Rb8 19.Rb4 Nd7 20.Nxc8 Qxc8 21.Rxd4 Nde5 22.Be2 Qe6
23.Ra4 Nxf3+ 24.Bxf3 Qf6 25.Qc2 Nf4 26.Bxf4 Qxf4 27.Rd4 Rbd8 28.Red1 Rxd4
29.Rxd4 Re7 30.Rd3 Qh2+ 31.Kf1 g6 32.Qc3 Be5 33.Qc4 h5 34.Ke2 h4 35.Qc1 Kg7
36.Rd1 Bf6 37.Qc4 Qc7 38.Bg4 Qe5 39.Bf3 Rc7 40.Bg4 Be7 41.Qd4 Qxd4 42.Rxd4 Bxc5
43.Rd7 Bb6 44.Rxc7 Bxc7 45.Bc8 b6 46.Bxa6 Kf6 47.Bb7 c5 48.Ba6 Ke5 49.Ke3 g5
50.Bc4 f6 51.g3 hxg3  1/2-1/2

[Event "17th CRO-chT 1a"]
[Site "Sibenik CRO"]
[Date "2008.09.29"]
[Round "3"]
[White "Lenic,L"]
[Black "Pinter,J"]
[Result "1-0"]
[WhiteElo "2584"]
[BlackElo "2535"]

1.d4 d5 2.c4 c6 3.Nf3 Nf6 4.e3 e6 5.Nc3 Nbd7 6.Bd3 dxc4 7.Bxc4 b5 8.Bd3 Bd6
9.a3 O-O 10.Bd2 e5 11.Ne4 Nxe4 12.Bxe4 exd4 13.Bxc6 Rb8 14.exd4 Re8+ 15.Be3 Bf4
16.Qb3 Qf6 17.Rc1 Rb6 18.Bd5 b4 19.O-O bxa3 20.Qxa3 Bb7 21.Bxb7 Rxb7 22.Bxf4 Qxf4
23.Rfe1 Reb8 24.Rc2 h6 25.Rce2 Nf6 26.Ne5 Rc8 27.Qd3 Rb4 28.Nc6  1-0

[Event "17th CRO-chT 1a"]
[Site "Sibenik CRO"]
[Date "2008.09.29"]
[Round "3"]
[White "Jankovic,A"]
[Black "Horvath,Cs1"]
[Result "1-0"]
[WhiteElo "2532"]
[BlackElo "2537"]

1.d4 d5 2.c4 c6 3.Nc3 Nf6 4.e3 e6 5.Nf3 Nbd7 6.Qc2 b6 7.Bd3 Bb7 8.O-O dxc4
9.Bxc4 c5 10.Rd1 cxd4 11.exd4 Bxf3 12.gxf3 Bd6 13.d5 O-O 14.dxe6 Ne5 15.exf7+ Kh8
16.Be2 Qc7 17.Bf4 Rad8 18.Qf5 Nxf7 19.Nb5 Qe7 20.Nxd6 Nxd6 21.Qe5 Qf7 22.Rxd6 Rxd6
23.Qxd6 Ne8 24.Qe5 Qxf4 25.Qxf4 Rxf4 26.Rd1 Kg8 27.Rd8 Kf7 28.Rd7+ Kf6 29.Rxa7 Nd6
30.Rc7 Rb4 31.b3 Rd4 32.Rc6 Rd2 33.a4 Ke5 34.Kf1 Nf5 35.Rxb6 Nd4 36.Rb8 Ra2
37.Re8+ Kf6 38.Bc4 g5 39.Kg2 h5 40.Rf8+ Ke5 41.Re8+ Kf6 42.f4 gxf4 43.Re4 Nf5
44.Kf3 Kg5 45.Rxf4 Nh4+ 46.Ke4  1-0

[Event "Zvenigorodskaya Open A"]
[Site "Zvenigorod RUS"]
[Date "2008.09.29"]
[Round "7"]
[White "Tihonov,J"]
[Black "Slugin,S"]
[Result "1-0"]
[WhiteElo "2470"]
[BlackElo "2425"]

1.d4 d5 2.c4 c6 3.Nf3 Nf6 4.Nc3 e6 5.e3 Nbd7 6.Qc2 Bd6 7.g4 h6 8.Rg1 e5 9.cxd5 cxd5
10.Nb5 Bb8 11.g5 hxg5 12.Nxg5 e4 13.Bd2 a6 14.Rc1 Bxh2 15.Nc7+ Bxc7 16.Qxc7 Qxc7
17.Rxc7 Rh6 18.a4 Kd8 19.Rc1 Ke8 20.Bb4 Rg6 21.Kd2 Nf8 22.Rc7 N6d7 23.Bh3 Rc6
24.Rc1 f6 25.R1xc6 bxc6 26.Bxf8 fxg5 27.a5 Kxf8 28.Bxd7 Bxd7 29.Rxd7 Kg8
30.Rb7 Rf8 31.Ke2 g4 32.Rb6 Ra8 33.Rxc6 Kf7 34.Kf1 Ke7 35.Kg2 Rb8 36.Rg6 Rxb2
37.Rxg7+ Kf6 38.Ra7 Ra2 39.Rxa6+ Kg5 40.Ra8 Kh4 41.a6 g3 42.a7 Rxf2+ 43.Kg1  1-0

[Event "ch-ESP KO"]
[Site "Ceuta ESP"]
[Date "2008.09.30"]
[Round "2.4"]
[White "Narciso Dublan,M"]
[Black "Teran Alvarez,I"]
[Result "1/2-1/2"]
[WhiteElo "2525"]
[BlackElo "2442"]

1.d4 d5 2.c4 c6 3.Nc3 Nf6 4.e3 e6 5.Nf3 Nbd7 6.Qc2 Bd6 7.b3 O-O 8.Be2 Qe7
9.O-O b6 10.Bb2 Bb7 11.Rad1 c5 12.cxd5 exd5 13.Nb5 Bb8 14.Rfe1 Ne4 15.g3 a6
16.Nc3 Ndf6 17.Bf1 Bd6 18.dxc5 bxc5 19.Bg2 Rfe8 20.Qc1 Rac8 21.Qa1 g6 22.Nxe4 Nxe4
23.Nd2 f5 24.Nb1 Be5 25.Bxe5 Qxe5 26.Qxe5 Rxe5 27.Rc1 a5 28.Red1 Re7 29.Nc3 Nxc3
30.Rxc3 Rd7 31.Rdc1 Rdc7 32.a3 Kf7 33.b4 axb4 34.axb4 c4 35.Ra1 Ra8 36.Rxa8 Bxa8
37.Bf1 Ra7 38.f3 Ke6 39.e4 fxe4 40.fxe4 Ke5 41.exd5 Bxd5 42.Rc1 Rb7 43.Bxc4 Rxb4
44.Re1+ Kd6 45.Bxd5 Kxd5 46.Re7 h5 47.Kg2 Rb6 48.Kh3 Re6 49.Rf7 Ke5 50.Kh4 Rf6
51.Ra7 Rf2 52.Kg5 Rxh2 53.Re7+ Kd6 54.Rg7 Ke6 55.Rxg6+ Kf7 56.Rh6 Kg7 57.Rxh5 Ra2
58.g4 Ra7 59.Rh2 Ra5+ 60.Kh4 Rb5 61.Ra2 Rb7 62.Ra6 Rc7 63.Kh5 Rb7 64.g5 Rc7
65.Ra4 Rb7 66.Kg4 Rc7 67.Rd4 Ra7 68.Re4 Rb7 69.Re5 Ra7 70.Kf5 Rb7 71.Kg4 Ra7
72.Kh5 Rb7 73.Ra5 Rc7 74.Ra6 Rb7 75.Rg6+ Kh7 76.Ra6 Kg7  1/2-1/2

[Event "ch-ESP KO"]
[Site "Ceuta ESP"]
[Date "2008.09.30"]
[Round "2.2"]
[White "Narciso Dublan,M"]
[Black "Teran Alvarez,I"]
[Result "1/2-1/2"]
[WhiteElo "2525"]
[BlackElo "2442"]

1.d4 d5 2.c4 c6 3.Nc3 Nf6 4.e3 e6 5.Nf3 Nbd7 6.Qc2 Bd6 7.b3 O-O 8.Be2 Qe7
9.O-O b6 10.Bb2 Bb7 11.Rad1 c5 12.cxd5 exd5 13.Nb5 Bb8 14.Rfe1 a6 15.Nc3 Bd6
16.dxc5 bxc5 17.g3 Rfe8 18.Bf1 Ne5 19.Nxe5 Bxe5 20.Bg2 Red8 21.Ne2 Bxb2 22.Qxb2 a5
23.Nf4 a4 24.Re2 axb3 25.axb3 Rd7 26.Qc2 Rad8 27.Red2 g6 28.h4 h5 29.Rc1 d4
30.Bxb7 Rxb7 31.Qxc5 Qxc5 32.Rxc5 Ne4 33.Rxd4 Nxc5 34.Rxd8+ Kg7 35.Rd5 Nxb3
36.Kg2 Rc7 37.Nd3 Ra7 38.Ne5 Na5 39.Kf3 Nb3 40.Rd7 Rxd7 41.Nxd7 f6 42.Ke4 Kf7
43.Kd5 Ke7 44.Nc5 Nd2 45.e4 Nb1 46.Nd3 Nc3+ 47.Kd4 Nb5+ 48.Ke3 Nd6 49.f3 Nb5
50.g4 hxg4 51.fxg4 Kf7 52.Ne1 Nc7 53.Nf3 Ne6 54.Kd3 Nf4+ 55.Kd4 Ke7 56.Nh2 Kf7
57.Nf1 Ke7 58.Ng3 Kf7 59.h5 Kg7 60.Ke3 Ne6 61.Ne2 gxh5 62.gxh5 Kh6 63.Ng3 Kg5
64.e5 fxe5 65.Ke4 Ng7 66.Kxe5 Nxh5 67.Nxh5 Kxh5  1/2-1/2

[Event "ch-Commonwealth"]
[Site "Nagpur IND"]
[Date "2008.09.30"]
[Round "3"]
[White "Atishay,A"]
[Black "Nirmal,E"]
[Result "0-1"]
[WhiteElo "1931"]
[BlackElo "2211"]

1.d4 Nf6 2.Nf3 d5 3.c4 c6 4.Nc3 e6 5.e3 Nbd7 6.Qc2 Bd6 7.Bd3 O-O 8.O-O Qe7
9.e4 dxc4 10.Bxc4 e5 11.dxe5 Nxe5 12.Be2 Nxf3+ 13.Bxf3 Ng4 14.Bxg4 Bxg4 15.Be3 f5
16.f3 f4 17.Bf2 Be6 18.Ne2 c5 19.Nc3 b6 20.Rfd1 Be5 21.a4 Qf7 22.Qd2 Bb3
23.Rdc1 Rad8 24.Qe2 Rd7 25.a5 Rfd8 26.axb6 axb6 27.Nd5 Bxd5 28.exd5 Rxd5
29.Qb5 Rd2 30.Rcb1 Bxb2 31.Rxb2 Rd1+ 32.Rxd1 Rxd1+ 33.Be1 Rxe1+ 34.Kf2 Re6
35.Qd3 Qf6 36.Rd2 Qh4+ 37.g3 Qxh2+  0-1

[Event "ch-Commonwealth"]
[Site "Nagpur IND"]
[Date "2008.09.30"]
[Round "3"]
[White "Laxman,R"]
[Black "Ramnathan,B"]
[Result "1-0"]
[WhiteElo "2498"]
[BlackElo "2271"]

1.d4 d5 2.c4 c6 3.Nf3 Nf6 4.Nc3 e6 5.e3 Be7 6.Bd3 Nbd7 7.O-O O-O 8.b3 b6
9.Bb2 Bb7 10.Rc1 c5 11.cxd5 exd5 12.Ne5 Nxe5 13.dxe5 Ne8 14.Rc2 f6 15.Rd2 Qc7
16.Bb1 d4 17.exd4 Rd8 18.dxc5 Rxd2 19.Qxd2 Bxc5 20.e6 f5 21.Qd7 Bc6 22.Qxc7 Nxc7
23.Re1 g6 24.Na4 Bxa4 25.bxa4 Rd8 26.Bc3 Kf8 27.Bc2 Ke7 28.Kf1 Rd6 29.Bb3 Rd3
30.Be5 Rd2 31.Bg3 h6 32.f4 g5 33.Re5 Bd6 34.Rxf5 Nxe6 35.Be1 Rb2 36.fxg5 hxg5
37.Rf2 Rxf2+ 38.Kxf2 Nc5 39.Bc2 Ke6 40.g3 g4 41.Ke3 Nd7 42.Bc3 Nf6 43.Bb3+ Kf5
44.Bd4 Nd7 45.a5 bxa5 46.Bxa7 Ne5 47.Bd5 Bb4 48.Be4+ Kg5 49.Bd5 Kf5 50.a4 Be1
51.Bb6 Bb4 52.Be4+ Ke6 53.Kf4 Bd6 54.Kg5 Be7+ 55.Kf4 Bd6 56.Bf5+ Kd5 57.Kg5 Nf3+
58.Kxg4 Nxh2+ 59.Kh3 Nf1 60.g4 Bb4 61.g5 Kd6 62.g6 Bc3 63.Bxa5 Bg7 64.Bb4+ Kc6
65.Be4+ Kb6 66.a5+ Kc7 67.a6 Kb6 68.Bd3 Ka7  1-0

[Event "ch-Commonwealth"]
[Site "Nagpur IND"]
[Date "2008.09.30"]
[Round "3"]
[White "Chatterjee,D"]
[Black "Pratyusha,B"]
[Result "1/2-1/2"]
[WhiteElo "2231"]
[BlackElo "1933"]

1.d4 d5 2.c4 c6 3.Nc3 Nf6 4.Nf3 e6 5.e3 Nbd7 6.Bd3 dxc4 7.Bxc4 b5 8.Bd3 Bb7
9.e4 b4 10.Na4 c5 11.e5 Nd5 12.Nxc5 Nxc5 13.dxc5 Bxc5 14.O-O h6 15.Nd2 Qc7
16.Re1 Rd8 17.Qg4 Kf8 18.Qg3 Nf4 19.Bf1 Ng6 20.Nb3 Be7 21.Be3 Qxe5 22.Qxe5 Nxe5
23.Bxa7 Nd7 24.Rac1 Bd6 25.Nd4 g6 26.Nb5 Be5 27.Rc4 b3 28.axb3 Bd5 29.Rb4 Bxb2
30.Bc4 Nf6 31.h3 Kg7 32.Re2 Bc1 33.Bd4 Bf4 34.g3 Bb8 35.Be5 Bxe5 36.Rxe5  1/2-1/2

[Event "ch-ESP KO"]
[Site "Ceuta ESP"]
[Date "2008.10.01"]
[Round "3.1"]
[White "Arizmendi Martinez,J"]
[Black "Teran Alvarez,I"]
[Result "1/2-1/2"]
[WhiteElo "2524"]
[BlackElo "2442"]

1.Nf3 Nf6 2.c4 c6 3.Nc3 d5 4.d4 e6 5.e3 Nbd7 6.Qc2 Bd6 7.Be2 O-O 8.O-O Re8
9.h3 Qe7 10.Rd1 b6 11.e4  1/2-1/2

[Event "ch-Commonwealth"]
[Site "Nagpur IND"]
[Date "2008.10.01"]
[Round "5"]
[White "Kamble,V"]
[Black "Russell,MKA"]
[Result "1-0"]
[WhiteElo "2376"]
[BlackElo "2213"]

1.Nf3 d5 2.d4 Nf6 3.c4 e6 4.Nc3 c6 5.e3 Nbd7 6.Qc2 Bd6 7.g4 Bb4 8.Bd2 Qe7
9.a3 Bxc3 10.Bxc3 Ne4 11.Bb4 Qf6 12.Ne5 a5 13.Bc3 h5 14.g5 Qxg5 15.O-O-O Nxe5
16.dxe5 Bd7 17.h4 Qe7 18.Be1 Nc5 19.Rg1 b5 20.b4 Na6 21.c5 axb4 22.axb4 Qxh4
23.f4 Qe7 24.Rxg7 Qf8 25.Rg5 h4 26.Bh3 Rg8 27.Rxg8 Qxg8 28.Kb2 Qg6 29.Qf2 Qg3
30.Qxg3 hxg3 31.Ra1 Nc7 32.Rxa8+ Nxa8 33.Bxg3 Nc7 34.Kc2 Na6 35.Be1 Kf8 36.Kd3 Kg7
37.Ke2 Kg6 38.Kf3 Nc7 39.Bf1 Kh5 40.Kg3 Ne8 41.Be2+ Kh6 42.f5 Ng7 43.f6 Nf5+
44.Kf4 Kg6 45.Bd3 Be8 46.Bh4 Bd7 47.Bc2 Kh6 48.Be1 Kg6 49.Bc3 Kh7 50.Bxf5+ exf5
51.e6 Bxe6 52.Bd4 Kg8 53.Ke5 Kf8 54.Kd6 Ke8 55.Kxc6 Kd8 56.Kxb5 Kc7 57.Be5+  1-0

[Event "Tatry Open"]
[Site "Tatranske Zruby SVK"]
[Date "2008.10.01"]
[Round "6"]
[White "Burdik,L"]
[Black "Torotto,A"]
[Result "1/2-1/2"]
[WhiteElo "2262"]
[BlackElo "2133"]

1.d4 Nf6 2.c4 e6 3.Nf3 d5 4.Nc3 c6 5.e3 Be7 6.Qc2 O-O 7.b3 a6 8.Bd3 h6 9.O-O dxc4
10.bxc4 b5 11.e4 bxc4 12.Bxc4 Qc7 13.Ne2 Nfd7 14.Bf4 Bd6 15.Bxd6 Qxd6 16.Rab1 a5
17.Rfc1 e5 18.d5 cxd5 19.Bxd5 Ra7 20.Nc3 Ba6 21.Nb5 Bxb5 22.Rxb5 a4 23.h3 g6
24.Rcb1 a3 25.Rb7 Rxb7 26.Rxb7 Nf6 27.Rb5 Kg7 28.Qb3 Nbd7 29.Nd2 Nxd5 30.Rxd5 Qe7
31.Ra5 Qg5 32.Qc3 Rb8 33.Rxa3 Nf6 34.Ra5 Rd8 35.Nf3 Rd1+ 36.Kh2 Qf4+ 37.g3 Qxe4
38.Rxe5 Qb1 39.Re1 Rxe1 40.Nxe1 Qxa2 41.Nd3 Qe2 42.Qd4  1/2-1/2

[Event "Tatry Open"]
[Site "Tatranske Zruby SVK"]
[Date "2008.10.01"]
[Round "6"]
[White "Janos,I"]
[Black "Vojtek,V"]
[Result "0-1"]
[WhiteElo "2159"]
[BlackElo "2301"]

1.d4 Nf6 2.Nf3 d5 3.c4 c6 4.Nc3 e6 5.e3 Nbd7 6.Qc2 Bd6 7.g4 Nxg4 8.Rg1 Ndf6
9.h3 Nh6 10.Rxg7 Nf5 11.Rg1 Bd7 12.Bd2 a6 13.e4 dxe4 14.Nxe4 Nxe4 15.Qxe4 Qe7
16.O-O-O O-O-O 17.c5 Bc7 18.Re1 Rhe8 19.Bd3 Kb8 20.Bf4 Bc8 21.Bg5 f6 22.Qxf5 fxg5
23.Qxg5 Qf7 24.Ne5 Qxf2 25.Kb1 Rxd4 26.Rgf1 Qh4 27.Qe3 Rd5 28.Nc4 Red8 29.Be4 Rh5
30.Bf3 Rf5 31.Be4 Rf4 32.Nd6 Bxd6 33.cxd6 Rxf1 34.Rxf1 Rxd6 35.Qc5  0-1

[Event "ch-Commonwealth"]
[Site "Nagpur IND"]
[Date "2008.10.02"]
[Round "6"]
[White "Suvrajit,S"]
[Black "Arun Prasad,S"]
[Result "1/2-1/2"]
[WhiteElo "2367"]
[BlackElo "2492"]

1.d4 d5 2.Nf3 c6 3.c4 Nf6 4.e3 e6 5.Nc3 Nbd7 6.Qc2 Bd6 7.b3 b6 8.Be2 Bb7
9.O-O O-O 10.Bb2 Qe7 11.Rad1 Rac8 12.e4 dxe4 13.Nxe4 Nxe4 14.Qxe4 Nf6 15.Qh4 Rfd8
16.Bd3 h6 17.Rfe1 Nd7 18.Qh3 a5 19.Nh4 Qf6 20.Re2 Be7 21.g3 Rc7 22.f4 Bd6
23.Nf3 Qe7 24.f5 Qf6 25.fxe6 Qxf3 26.exf7+ Qxf7 27.c5 Nf6 28.cxd6 Rxd6 29.Bf5 Kh8
30.Rde1 c5 31.dxc5 Qd5 32.Re8+ Ng8 33.Rxg8+ Kxg8 34.Be6+ Rxe6 35.Qxe6+ Qxe6
36.Rxe6  1/2-1/2

[Event "TCh-AUT 2nd Bundesliga Ost 2008-9"]
[Site "Austria AUT"]
[Date "2008.10.03"]
[Round "1"]
[White "Zetthofer,G"]
[Black "Zoernpfenning,S"]
[Result "1-0"]
[WhiteElo "2273"]
[BlackElo "2115"]

1.d4 d5 2.c4 c6 3.Nc3 Nf6 4.Nf3 e6 5.e3 Be7 6.Bd3 O-O 7.O-O Nbd7 8.Qe2 Re8
9.e4 dxe4 10.Nxe4 Nxe4 11.Bxe4 Qc7 12.Rd1 b6 13.Ne5 Nxe5 14.dxe5 Bb7 15.Rd3 g6
16.Bf4 Rad8 17.Rad1 Rxd3 18.Rxd3 Rd8 19.a4 c5 20.Rxd8+ Bxd8 21.Bxb7 Qxb7
22.Qd3 Be7 23.Bh6 Qc7 24.f4 f6 25.Qe4 Qd7 26.Kf2 Kf7 27.b3 Qd2+ 28.Kg3 Qc3+
29.Qf3 Qxf3+ 30.Kxf3 fxe5 31.Ke4 exf4 32.Bxf4 Ke8 33.Bb8 Kd7 34.Ke5 a6 35.h3 Bh4
36.Ba7 Bg3+ 37.Kf6 Bc7 38.a5 Kc6 39.Kxe6 b5 40.cxb5+ axb5 41.a6 c4 42.bxc4 bxc4
43.Be3 Bb6 44.a7  1-0

[Event "TCh-AUT 2nd Bundesliga Ost 2008-9"]
[Site "Austria AUT"]
[Date "2008.10.03"]
[Round "1"]
[White "Ganaus,H"]
[Black "Timoscenko,G"]
[Result "1/2-1/2"]
[WhiteElo "2275"]
[BlackElo "2481"]

1.d4 d5 2.c4 c6 3.Nf3 Nf6 4.Nc3 e6 5.e3 Nbd7 6.Bd3 dxc4 7.Bxc4 b5 8.Bd3 b4
9.Ne4 Nxe4 10.Bxe4 Bb7 11.a3 a5 12.O-O Bd6 13.axb4 axb4 14.Rxa8 Qxa8 15.Qc2 f5
16.Bd3 c5 17.Ng5 Bxg2 18.Re1 O-O 19.e4 Bxe4 20.Nxe4 fxe4 21.Bxe4 Qd8 22.Bxh7+ Kh8
23.Rxe6 Bxh2+ 24.Kg2 Qh4 25.Bf5 Bf4 26.Bxf4 Qxf4 27.Bh3 Qxd4 28.Qe2 Nf6 29.Re5 g6
30.Qe3 Qxe3 31.fxe3 Re8 32.Rxc5 Rxe3 33.Rc2 Kg7 34.Bc8 Kh6 35.Kf2 Rd3 36.Ke2 Rg3
37.Bb7 g5 38.Rc6 Kg7 39.Rb6 Rb3 40.Kd2 Rxb2+ 41.Kc1 Rb3 42.Kc2 Rc3+ 43.Kb2 g4
44.Rxb4 Rc7 45.Bg2 Kg6 46.Rb5 Nh5 47.Be4+ Kh6 48.Bf5 g3 49.Be4 Rc4 50.Bf3 Nf4
51.Kb3 Rd4 52.Kc2 Rd3 53.Bb7 Ra3 54.Kd2 g2 55.Bxg2 Nxg2 56.Rc5 Nf4 57.Rc3 Ra2+
58.Rc2 Ra5 59.Ke3 Kg5 60.Rc8 Kf5 61.Re8 Ra4 62.Kd2 Ne6 63.Kc3 Ke5 64.Rh8 Nc7
65.Rh5+ Kd6 66.Rh6+ Kc5 67.Kd3 Nd5 68.Rh8 Nf4+ 69.Ke3 Kd5 70.Rd8+ Ke5 71.Re8+ Ne6
72.Kd3 Kd5 73.Kc3 Ra3+ 74.Kb4 Rh3 75.Rg8 Rh4+ 76.Kc3 Rc4+ 77.Kd3 Nc5+ 78.Ke3 Rc3+
79.Ke2 Ne6 80.Rh8 Nf4+ 81.Kf2 Nd3+ 82.Ke3 Ne5+ 83.Ke2 Ra3 84.Kd2 Nf3+ 85.Ke2 Ke4
86.Re8+ Ne5 87.Kd2 Ra7 88.Kc3 Rc7+ 89.Kd2 Rc6 90.Re7 Kd4 91.Rh7 Nc4+ 92.Ke2 Re6+
93.Kf2 Nd6 94.Rh4+ Ne4+ 95.Kf3 Re5 96.Kf4 Ng5 97.Rg4 Ne6+ 98.Kf3+ Kd3 99.Ra4 Nd4+
100.Kg4 Re4+ 101.Kh5 Re6 102.Kg5 Ke4 103.Rb4  1/2-1/2

[Event "58th TCh m 1st Div"]
[Site "Borovets BUL"]
[Date "2008.10.03"]
[Round "3"]
[White "Velikov,P"]
[Black "Karakehajov,K"]
[Result "1/2-1/2"]
[WhiteElo "2424"]
[BlackElo "2486"]

1.Nf3 d5 2.c4 e6 3.d4 c6 4.e3 Nf6 5.Nc3 Nbd7 6.Qc2 Be7 7.Be2 O-O 8.O-O b6
9.e4 dxe4 10.Nxe4 Bb7 11.Rd1 Qc7 12.Bg5 c5 13.Nxf6+ Nxf6 14.dxc5 Qxc5 15.Be3 Qc7
16.Bd4 Rfd8 17.h3 b5 18.c5 b4 19.Rac1 Bc6 20.Be5 Qb7 21.Nd4 Nd5 22.Nxc6 Qxc6
23.Qc4 Rac8 24.Bf3 a5 25.Bxd5 exd5 26.Qg4 Bf8 27.b3 Re8 28.Qg3 Re6 29.Rc2 Rce8
30.Bd4 h6 31.Be3 Re5 32.Qf3 R8e6 33.Rcd2 Rf6 34.Qg3 Ref5 35.Qb8 Rg6 36.Rd4 Re6
37.Qd8 Ree5 38.Qxa5 Qxc5 39.Qa8 Qb5 40.Rc1 Rxe3 41.fxe3 Qe2 42.Kh1 Qxe3 43.Rcd1 Rg5
44.Rxd5 Rxg2 45.Kxg2 Qe2+ 46.Kg3 Qe3+ 47.Kg2 Qe2+  1/2-1/2

[Event "ch-Commonwealth"]
[Site "Nagpur IND"]
[Date "2008.10.03"]
[Round "7"]
[White "Deepan,C"]
[Black "Karthikeyan,P"]
[Result "1/2-1/2"]
[WhiteElo "2464"]
[BlackElo "2402"]

1.d4 Nf6 2.c4 e6 3.Nf3 d5 4.Nc3 c6 5.e3 Nbd7 6.Bd3 dxc4 7.Bxc4 b5 8.Bd3 Bd6
9.a3 O-O 10.O-O Bb7 11.e4 e5 12.Bg5 exd4 13.Nxd4 Be5 14.Nde2 Nc5 15.Bc2 Ne6
16.Bh4 Qb6 17.Kh1 Nh5 18.Bb3 Kh8 19.Ng1 Nf6 20.Nf3 Bf4 21.Bxf6 gxf6 22.Nh4 Qd4
23.Qh5 Qe5 24.Nf5 Ng7 25.Nxg7 Kxg7 26.Qg4+ Kh8 27.Rad1 Bc8 28.Qe2 Qg5 29.g3 Bh3
30.Rg1 Bc7 31.Rd3 Rad8 32.Rgd1 Rde8 33.f4 Qg6 34.Re1 a5 35.Bc2 Rg8 36.Rd2 Qh6
37.Qf2 Rg7 38.Bd1 b4 39.axb4 axb4 40.Ne2 Reg8 41.Rd3 Be6 42.Bb3 Bg4 43.Ng1 Qh5
44.Rc1 Qb5 45.Bc4 Qb8 46.Qd4 f5 47.e5 Bb6 48.Qd6 Qa7 49.Qxc6 Be3 50.Re1 Bxf4
51.Qg2 Qc7 52.b3 Bxe5 53.Nf3 Bc3 54.Rf1 f4 55.Nh4 Bf6 56.Nf3 fxg3 57.Qxg3 Qb6
58.Rdd1 Qe3 59.Bd5 Be6 60.Qf2 Qxf2 61.Rxf2 Bxd5 62.Rxd5 Rc8 63.Rd1 Rg6 64.Nd2 Rd8
65.Rdf1 Bh4 66.Re2 Re6 67.Rg2 Re1 68.Rxe1 Bxe1 69.Ne4 h6 70.Re2 Bc3 71.Kg2 Rd3
72.Nc5 Rd5 73.Ne4 Kg7 74.Kf3 Be5 75.Rg2+ Kf8 76.Kg4 Ke7 77.Rc2 Bb8 78.Ng3 Bxg3
79.hxg3 Rd3 80.Rh2 Rxb3 81.Rxh6 Rb1 82.Rb6 b3 83.Kg5 Kd7 84.g4 Kc7 85.Rf6 b2
86.Rxf7+ Kc6 87.Rf2  1/2-1/2

[Event "ch-Commonwealth"]
[Site "Nagpur IND"]
[Date "2008.10.03"]
[Round "7"]
[White "Swapnil,SD"]
[Black "Gurpreet,S"]
[Result "1-0"]
[WhiteElo "2389"]
[BlackElo "2187"]

1.d4 d5 2.c4 e6 3.Nc3 c6 4.e3 Nf6 5.Nf3 Nbd7 6.Qc2 Bd6 7.b3 O-O 8.Bb2 Re8
9.Be2 dxc4 10.bxc4 e5 11.O-O exd4 12.exd4 Nf8 13.h3 Ng6 14.Rfe1 Bd7 15.Bf1 Qc7
16.c5 Bf8 17.Bc4 Nf4 18.Ng5 Be6 19.Nce4 Nxe4 20.Rxe4 g6 21.Rae1 Bg7 22.g3 Nd5
23.Nxe6 fxe6 24.Rxe6 Qf7 25.Qe2 Rxe6 26.Qxe6 Rd8 27.Qe4 Kf8 28.Qh4 Re8 29.Rxe8+ Qxe8
30.Bxd5 cxd5 31.Qf4+ Kg8 32.Bc1 h5 33.Be3 Kh7 34.h4 Qd7 35.Qb8 a6 36.Qd6 Qc6
37.Qe7 Kg8 38.Qd8+ Kf7 39.Kg2 Bf6 40.Qb8 Kg7 41.Qf4 Kg8 42.Qb8+ Kf7 43.Qf4 Kg8
44.Kh2 Qd7 45.Bd2 Qc6 46.Kg2 Qe8 47.Kg1 Qc6 48.Be3 Qd7 49.Qf3 Qe6 50.Qd1 Qd7
51.Qd3 Kf7 52.Bg5 Qe6 53.Be3 Qd7 54.Qb3 Qc6 55.Qb4 Qd7 56.Kg2 Qc6 57.Bf4 Qd7
58.Bd6 Kg8 59.Qb1 Qe8 60.Qd3 Kf7 61.Qf3 Kg8 62.Be5 Bxe5 63.dxe5 Kg7  1-0

[Event "ch-Commonwealth"]
[Site "Nagpur IND"]
[Date "2008.10.03"]
[Round "8"]
[White "Karthikeyan,P"]
[Black "Arun Prasad,S"]
[Result "0-1"]
[WhiteElo "2402"]
[BlackElo "2492"]

1.d4 d5 2.c4 c6 3.Nc3 Nf6 4.Nf3 e6 5.e3 Nbd7 6.Qc2 Bd6 7.Bd3 O-O 8.O-O dxc4
9.Bxc4 b5 10.Be2 Bb7 11.Rd1 Qc7 12.a3 e5 13.h3 Rfe8 14.Bd2 a5 15.Rac1 Rac8
16.Be1 Qb8 17.Na2 e4 18.Nd2 c5 19.Bxb5 cxd4 20.Qa4 dxe3 21.fxe3 Nc5 22.Qxa5 Bc7
23.Qb4 Nd5 24.Qxc5 Bh2+ 25.Kh1 Rxc5 26.Rxc5 Nxe3 27.Rdc1 Rd8 28.Nb4 Bg3 29.Nf1 Nxf1
30.Bxf1 Bxe1 31.Rxe1 Qg3 32.Re2 Rd1 33.Kg1 Qd6 34.Rb5 Qd4+ 35.Kh2 Rxf1 36.Rxb7 h5  0-1

[Event "Icelandic Teams 2008-9"]
[Site "Reykjavik ISL"]
[Date "2008.10.03"]
[Round "1"]
[White "Kuzubov,Y"]
[Black "Lund,E"]
[Result "1-0"]
[WhiteElo "2578"]
[BlackElo "2431"]

1.d4 Nf6 2.c4 e6 3.Nc3 d5 4.Nf3 c6 5.e3 Nbd7 6.b3 Bd6 7.Bb2 O-O 8.Be2 Qe7
9.O-O dxc4 10.bxc4 e5 11.Qc2 Re8 12.Ng5 exd4 13.exd4 Nf8 14.Rae1 Ng6 15.Nf3 Qc7
16.c5 Bf4 17.Bd1 Be6 18.g3 Bh6 19.Ne5 Bh3 20.f4 Bxf1 21.Rxf1 Ne7 22.Bf3 Rad8
23.Ne2 g6 24.Qb3 Nfd5 25.g4 Bg7 26.Nc3 f6 27.Nc4 Kh8 28.Ne4 Nxf4 29.Ncd6 Ned5
30.Nxe8 Rxe8 31.Bc1 f5 32.gxf5 Bxd4+ 33.Kh1 gxf5 34.Nd6 Rf8 35.Re1 Qg7 36.Qc4 Rg8
37.Nf7+ Qxf7 38.Qxd4+ Qf6 39.Qxf6+  1-0